NZ Rugby's ITM Cup Provinces - Statistics

General Stats
  • This quiz has been taken 62 times
  • The average score is 13 of 14
Answer Stats
Hint Answer % Correct
Wellington
98%
Auckland
96%
Otago
96%
Southland
96%
Waikato
96%
Canterbury
94%
Taranaki
94%
Tasman
94%
Northland
92%
Bay of Plenty
90%
Manawatu
88%
Hawkes Bay
86%
North Harbour
86%
Counties Manukau
84%
No matching quizzes found
Score Distribution
Percent of People with Each Score
Percentile by Number Answered
Your Score History
You have not taken this quiz